Ensayos de inmunología fundamental 1
I tiakina i:
| Kaituhi matua: | |
|---|---|
| Hōputu: | Pukapuka |
| Reo: | Pāniora |
| I whakaputaina: |
Barcelona, España
JIMS
1974
|
| Ngā marau: | |
| Ngā Tūtohu: |
Tāpirihia he Tūtohu
Kāore He Tūtohu, Me noho koe te mea tuatahi ki te tūtohu i tēnei pūkete!
|
MARC
| LEADER | 00000nam a2200000 a 4500 | ||
|---|---|---|---|
| 001 | UCG6461 | ||
| 003 | CL-VaPUC | ||
| 005 | 20211102180524.0 | ||
| 008 | 110428e19740000SP |||||||||||||||||spa|d | ||
| 999 | |c 344685 |d 344683 | ||
| 020 | |a 8470921126 | ||
| 040 | |c Pontificia Universidad Católica de Valparaíso | ||
| 082 | 0 | 4 | |a 571.96 ROI 1974 |2 21 |
| 100 | 0 | |a Roitt, Ivan M |9 556674 | |
| 245 | 1 | 0 | |a Ensayos de inmunología fundamental 1 |
| 260 | 0 | 3 | |a Barcelona, España |b JIMS |c 1974 |
| 300 | |a 95 páginas | ||
| 583 | |a last modification |c 20110428 00:00:00 |k Rodrigo Vera | ||
| 650 | 0 | |a Sistema inmunológico |9 379702 | |
| 650 | 7 | |a INMUNIDAD CELULAR |2 CL-VaPUC |9 534542 | |
| 650 | 7 | |a CELULAS T |2 CL-VaPUC |9 556675 | |
| 650 | 7 | |a CELULAS B |2 CL-VaPUC |9 556676 | |
| 942 | |c BK |2 ddc | ||
| 945 | |d 20110428 00:00:00 |a cmena | ||
| 952 | |0 0 |1 0 |2 ddc |4 0 |6 571_960000000000000_ROI_1974 |7 0 |8 A |9 442819 |a BIBCUR |b BIBCUR |d 2019-11-22 |i 4768108 |o 571.96 ROI 1974 |p 4768108 |r 2025-04-22 |t 1 |w 2019-11-22 |y BK |k BIO | ||